Teoría y realidad del otro
Sparad:
| Huvudupphovsman: | |
|---|---|
| Materialtyp: | Bok |
| Språk: | spanska |
| Publicerad: |
Madrid
Revista de Occidente
1961
|
| Ämnen: | |
| Taggar: |
Lägg till en tagg
Inga taggar, Lägg till första taggen!
|
MARC
| LEADER | 00000nam a2200000 a 4500 | ||
|---|---|---|---|
| 001 | UCZ0840 | ||
| 003 | CL-VaPUC | ||
| 008 | 950810e19610000SP |||||||||||||||||spa|d | ||
| 082 | 0 | 4 | |a 128 |b LAI |2 21 |
| 100 | |a Laín Entralgo, Pedro |e author |9 587753 | ||
| 245 | 1 | 0 | |a Teoría y realidad del otro |
| 300 | |a v | ||
| 942 | |c BK | ||
| 945 | |d 19950810 00:00:00 |a aalvarez | ||
| 260 | |a Madrid |b Revista de Occidente |c 1961 | ||
| 500 | |a v.1: El otro como otro yo nosotros, tú y yo | ||
| 500 | |a v.2: Otredad y projimidad | ||
| 650 | 0 | |a Realidad |9 266551 | |
| 650 | 0 | |a Personas |9 255751 | |
| 650 | 7 | |a HOMBRE |2 CL-VaPUC |9 262149 | |
| 583 | |a last modification |c 19950810 00:00:00 |k Rodrigo Vera | ||
| 999 | |c 237735 |d 237733 | ||
| 952 | |0 0 |1 0 |4 0 |6 128_000000000000000_LAI_1961 |7 0 |8 A |9 247392 |a BIBEDU |b BIBEDU |d 2019-11-18 |h v.2 |i 1566407 |o 128 LAI 1961 |p 1566407 |r 2019-11-18 |w 2019-11-18 |y BK |k FIL | ||
| 952 | |0 0 |1 0 |4 0 |6 128_000000000000000_LAI_1961 |7 0 |8 A |9 247393 |a BIBEDU |b BIBEDU |d 2019-11-18 |h v.2 |i 3115887 |o 128 LAI 1961 |p 3115887 |r 2019-11-18 |w 2019-11-18 |y BK |k FIL | ||
| 952 | |0 0 |1 0 |4 0 |6 128_000000000000000_LAI_1961 |7 0 |8 A |9 247394 |a BIBEDU |b BIBEDU |d 2019-11-18 |i 312729K |o 128 LAI 1961 |p 312729K |r 2019-11-18 |w 2019-11-18 |y BK |k FIL | ||